Impact of the reduction of the tapping frequency on the agronomic and physiological parameters of clone PB 260 of Hevea brasiliensis in the centre west of Cote Divoire in order to make up for the shortage of tapping labour (Record no. 60774)

MARC details
000 -LEADER
fixed length control field 00775nam a2200181Ia 4500
100 ## - MAIN ENTRY--AUTHOR NAME
Personal name Soumahin E F
245 #0 - TITLE STATEMENT
Title Impact of the reduction of the tapping frequency on the agronomic and physiological parameters of clone PB 260 of Hevea brasiliensis in the centre west of Cote Divoire in order to make up for the shortage of tapping labour
260 ## - PUBLICATION, DISTRIBUTION, ETC. (IMPRINT)
Name of publisher IRC 2012. International Rubber Conference, 28-31 October 2012, Kovalam, India, Rubber Research Institute of India, Kottayam and IRRDB, Malaysia: Abstracts. pp.117.
650 ## - SUBJECT ADDED ENTRY--TOPICAL TERM
Topical Term Tapping frequency
700 ## - ADDED ENTRY--PERSONAL NAME
Personal name Alle J Y
700 ## - ADDED ENTRY--PERSONAL NAME
Personal name Atsin G J O
700 ## - ADDED ENTRY--PERSONAL NAME
Personal name Coulibaly L F
700 ## - ADDED ENTRY--PERSONAL NAME
Personal name Kouakou H T
700 ## - ADDED ENTRY--PERSONAL NAME
Personal name Obouaueba S
700 ## - ADDED ENTRY--PERSONAL NAME
Personal name Traore S M
942 ## - ADDED ENTRY ELEMENTS (KOHA)
Koha item type Journals
Holdings
Withdrawn status Lost status Damaged status Not for loan Home library Current library Shelving location Date acquired Koha item type
      Journals RRII Library RRII Library Crop harvesting 06/03/2013 Journals